Estimating inbound tourism demand for Kenya: (Record no. 44213)
[ view plain ]
| 000 -LEADER | |
|---|---|
| fixed length control field | 00615nam a22001697a 4500 |
| 008 - FIXED-LENGTH DATA ELEMENTS--GENERAL INFORMATION | |
| fixed length control field | 150213b xxu||||| |||| 00| 0 eng d |
| 020 ## - INTERNATIONAL STANDARD BOOK NUMBER | |
| International Standard Book Number | 9966777547 |
| 050 ## - LIBRARY OF CONGRESS CALL NUMBER | |
| Classification number | G155.K4 |
| Item number | K52 2009 |
| 100 ## - MAIN ENTRY--PERSONAL NAME | |
| Personal name | Kiarie, Simon. |
| 245 ## - TITLE STATEMENT | |
| Title | Estimating inbound tourism demand for Kenya: |
| Remainder of title | the gravity approach / |
| Statement of responsibility, etc | by Simon Kiarie. |
| 260 ## - PUBLICATION, DISTRIBUTION, ETC. (IMPRINT) | |
| Place of publication, distribution, etc | Nairobi, Kenya : |
| Name of publisher, distributor, etc | Kenya Institute for Public Policy Research and Analysis ; |
| Date of publication, distribution, etc | 2009. |
| 300 ## - PHYSICAL DESCRIPTION | |
| Extent | v, 34 p. : |
| Other physical details | col. ill. ; |
| Dimensions | 26 cm. |
| 440 ## - SERIES STATEMENT/ADDED ENTRY--TITLE | |
| Title | KIPPRA Discuss paper |
| Volume number/sequential designation | 94. |
| 500 ## - GENERAL NOTE | |
| General note | Includes bibliographical references (p. 28-33). |
| 650 ## - SUBJECT ADDED ENTRY--TOPICAL TERM | |
| Topical term or geographic name as entry element | Tourism |
| Geographic subdivision | Kenya. |
| 942 ## - ADDED ENTRY ELEMENTS (KOHA) | |
| Source of classification or shelving scheme | Library of Congress Classification |
| Item type | Book |
| Withdrawn status | Lost status | Source of classification or shelving scheme | Damaged status | Not for loan | Collection code | Home library | Current library | Shelving location | Date acquired | Source of acquisition | Cost, normal purchase price | Total Checkouts | Full call number | Barcode | Copy number | Price effective from | Koha item type | Date last seen | Date last borrowed |
|---|---|---|---|---|---|---|---|---|---|---|---|---|---|---|---|---|---|---|---|
| Library of Congress Classification | Non-fiction | Bishop Okullu Memorial Library (Limuru Campus) | Bishop Okullu Memorial Library (Limuru Campus) | General Circulation | 13/02/2015 | Donation | 450.00 | G155.K4 K52 2009 | 042500 | 1 | 13/02/2015 | Book | |||||||
| Library of Congress Classification | Non-fiction | Bishop Okullu Memorial Library (Limuru Campus) | Bishop Okullu Memorial Library (Limuru Campus) | General Circulation | 13/02/2015 | Donation | 450.00 | 1 | G155.K4 K52 2009 | 042501 | 2 | 13/02/2015 | Book | 14/09/2022 | 08/09/2022 |